Countries of the Americas in 1820 (with Map!) - Statistics

General Stats
  • This quiz has been taken 12,939 times
  • The average score is 13 of 16
Answers on the Map
Answers color-coded by a green-red scale on the quiz's map according to % correct below.
 
Answer Stats
Country % Correct
Oregon Country
100%
Portugal, Brazil and the Algarves
99%
United States
99%
British Empire
97%
Spanish Empire
97%
France
96%
Russian Empire
96%
Denmark
95%
Chile
94%
United Provinces (Argentina)
91%
Gran Colombia
90%
Netherlands
88%
Paraguay
87%
Haiti
83%
Sweden
20%
Entre Ríos
7%
No matching quizzes found
Score Distribution
Percent of People with Each Score
Percentile by Number Answered
Your Score History
You have not taken this quiz